000
00329nam a2200121Ia 4500
008
160609s9999 xx 000 0 und d
100
_a
Chance, Paul.
245
_a
Learning And Behavior, 7th Edition
245
_c
By:Paul Chance
260
_c
2013
650
_x
LEARNING
856
_u
http://file.ebook777.com/LeaAndBeh7thEdi.pdf
999
_c
295892
_d
295892